| 000 | 01098cam a2200157 4500500 | ||
|---|---|---|---|
| 005 | 20251214035227.0 | ||
| 041 | _afre | ||
| 042 | _adc | ||
| 100 | 1 | 0 |
_aBlanc-Brude, Gilles _eauthor |
| 245 | 0 | 0 | _aBack Matter |
| 260 | _c2025. | ||
| 500 | _a18 | ||
| 520 | _aSartre and Patočka’s reflections on the ego and the body enable us to raise and rethink the problem of the individual’s relationship to the world. Despite the opposition of their perspectives, Sartrean subjectivism and Patočkian asubjectivism converge in the importance they both ascribe to the body within human experience. What’s more, human experience is not exhausted in the horizontal dimension of its relation to the world and, to be fully grasped, needs to be expanded in the direction of a verticalization, which can be made manifest by the concept of desire. | ||
| 786 | 0 | _nRevue philosophique de la France et de l’étranger | 254 | 4 | 2025-10-31 | p. 595-604 | 0035-3833 | |
| 856 | 4 | 1 | _uhttps://shs.cairn.info/journal-revue-philosophique-de-la-france-et-de-letranger-2025-4-page-595?lang=en&redirect-ssocas=7080 |
| 999 |
_c1576276 _d1576276 |
||